La pratica delle disinfezioni pubbliche e private / (Record no. 21936)

MARC details
000 -LEADER
campo de control de longitud fija 00609nam a2200193 i 4500
001 - NÚMERO DE CONTROL
campo de control 21936
003 - IDENTIFICADOR DE NÚMERO DE CONTROL
campo de control ES-MaACL
005 - FECHA Y HORA DE LA ÚLTIMA TRANSACCIÓN
campo de control 20230906152556.0
007 - CAMPO FIJO DE DESCRIPCIÓN FÍSICA--INFORMACIÓN GENERAL
campo de control de longitud fija t|
008 - DATOS DE LONGITUD FIJA--INFORMACIÓN GENERAL
campo de control de longitud fija 021128s1902 it ||||1| ita d
100 1# - ENTRADA PRINCIPAL--NOMBRE DE PERSONA
Nombre de persona Alessandri, Paolo Emilio.
9 (RLIN) 19748
245 13 - MENCIÓN DEL TÍTULO
Título La pratica delle disinfezioni pubbliche e private /
Mención de responsabilidad, etc. per Paolo Emilio Alessandri e Luciano Pizzini.
250 ## - MENCION DE EDICION
Mención de edición 2ª ed.
260 ## - PUBLICACIÓN, DISTRIBUCIÓN, ETC.
Lugar de publicación, distribución, etc. Milano :
Nombre del editor, distribuidor, etc. Ulrico Hoepli,
Fecha de publicación, distribución, etc. 1902 (
Lugar de fabricación/manufactura Firenze :
Fabricante S. Landi)
300 ## - DESCRIPCIÓN FÍSICA
Extensión VII, 258 p. :
Otras características físicas il. ;
Dimensiones 16 cm.
700 1# - ENTRADA AGREGADA--NOMBRE PERSONAL
Nombre de persona Pizzini, Luciano.
9 (RLIN) 92465
852 ## - LOCALIZACIÓN
Ubicación ES-MaACL
Número de control de estantería D-3621
852 ## - LOCALIZACIÓN
Ubicación ES-MaACL
Número de control de estantería F-4561
Holdings
Estatus retirado Estado de pérdida Estado de daño No para préstamo Biblioteca de origen Biblioteca actual Ubicación en estantería Fecha de adquisición Fuente de adquisición Total de préstamos Signatura topográfica completa Código de barras Visto por última vez Precio de reemplazo Tipo de ítem Koha
        Biblioteca del Ateneo de Madrid Biblioteca del Ateneo de Madrid Depósito 2 17/01/2008     F-4561 1022548 23/02/2023 23/02/2023 Libro impreso
        Biblioteca del Ateneo de Madrid Biblioteca del Ateneo de Madrid Sala Valle Inclán 17/01/2008     D-3621 901022547 23/02/2023 23/02/2023 Libro impreso